000 01450nam a2200241Ia 4500
999 _c51651
_d51651
001 18642
003 GE_BSU
005 20220920112110.0
008 181216s2012||||ge |||||||||||||| ||geo||
040 _cGE_BSU
041 _ageo
080 _a37 ქ-15
100 _aქავთარაძე, რუსუდან
_911532
245 _aმედიაპედაგოგიკა - რეალობა და პერსპექტივები ქართულ სინამდვილეში : დისერტაცია /
_cრუსუდან ქავთარაძე; სამეცნიერო ხელმძღვანელი ციალა მეგრელაძე;ბათუმის შოთა რუსთაველის სახ-ფო უნ-ტი.
264 _aბათუმი,
_c2012.
300 _a192 გვ.;
_b30 სმ.
653 _aდისერტაცია
653 _aმედიაპედაგოგიკა -რეალობა და პერსპექტივები ქართულ სინამდვილეში
653 _aპედაგოგიკა
700 _aმეგრელაძე, ციალა
_eსამეცნიერო ხელმძღვანელი
_91081
710 _aბათუმის შოთა რუსთაველის სახ-ფო უნ-ტი
_911533
942 _cBK
_2udc